|
|
|
|
| LEADER |
00858nam a2200229 a 4500 |
| 001 |
1231823 |
| 008 |
100124s1968 nyu b 000 0 eng d |
| 010 |
|
|
|a 68023814
|
| 040 |
|
|
|a DLC
|c DLC
|d DLC
|d DB-DhAAL
|
| 082 |
0 |
0 |
|a 301/.09
|
| 100 |
1 |
|
|a Zeitlin, Irving M.
|
| 245 |
1 |
0 |
|a Ideology and the development of sociological theory /
|c Irving M. Zeitlin.
|
| 260 |
|
|
|a Englewood Cliffs, N.J. :
|b Prentice-Hall,
|c c1968
|
| 300 |
|
|
|a x, 326 p.
|c 24 cm.
|
| 490 |
0 |
|
|a Prentice-Hall sociology series
|
| 504 |
|
|
|a Includes bibliographical footnotes and index.
|
| 541 |
1 |
|
|e 00009924
|
| 650 |
|
0 |
|a Sociology
|x History.
|
| 852 |
4 |
|
|a Ayesha Abed Library
|j General Shelf.
|
| 942 |
0 |
0 |
|0 1
|
| 999 |
|
|
|c 7138
|d 7138
|
| 952 |
|
|
|0 0
|1 0
|2 ddc
|4 0
|6 301_090000000000000_ZEI_1968
|7 0
|9 7414
|a BRACUL
|b BRACUL
|c GEN
|d 2010-01-24
|l 1
|m 2
|o 301.09 ZEI
|p 3010009924
|r 2015-10-29
|s 2015-10-15
|t 1
|w 2010-01-24
|y BK
|